| 000 | 00000nam##2200000za#4500 |
| 001 | 9.687744 |
| 003 | CaOODSP |
| 005 | 20210624231120 |
| 007 | cr ||||||||||| |
| 008 | 150407|2005||||xxc|||||o f|0| 0 eng|d |
| 020 | |a0-662-41379-2 |
| 040 | |aCaOODSP|beng |
| 043 | |an-cn--- |
| 086 | 1 |aHS28-31/2005E-PDF |
| 110 | 1 |aCanada.|bHuman Resources and Skills Development Canada. |bStrategic Policy and Planning. |
| 245 | 10|aAudit of Aboriginal Human Resources Development Agreements (AHRDAs) |h[electronic resource] |
| 260 | |aOttawa - Ontario : |bHuman Resources and Skills Development Canada. |c2005. |
| 590 | |a13-09-Supp|b2013-04-04 |
| 690 | 07|aIndigenous peoples|2gcpds |
| 690 | 07|aAudit|2gcpds |
| 690 | 07|aFederal programs|2gcpds |
| 690 | 07|aHuman resources|2gcpds |
| 775 | 08|tVérification des ententes sur le développement des ressources humaines autochtones (EDRHA) |w(CaOODSP)9.632188 |
| 856 | 40|ahttp://publications.gc.ca|qPDF|s317 KB|uhttps://publications.gc.ca/collections/collection_2013/rhdcc-hrsdc/HS28-31-2005-eng.pdf |
| 986 | |aSP-616-12-04E |